000
00236 a2200097 4500
001
42613
100
_a
Craven
245
_a
The Army Air Forces in world War II
260
_a
Chicago
_b
The university of Chicago
_c
090
_c
26511
_d
26511
942
_a
NUST-CAE
_c
M
_c
18349
999
_c
277686
_d
277686